Salud mental y privacin̤ de libertad Aspectos jurd̕icos e intervencin̤ /

Bibliographic Details
Main Author: Mata y MartÍn, Ricardo M.
Other Authors: Montero Hernanz, Toms̀
Format: eBook
Language:Spanish
Published: Barcelona: J.M. Bosch Editor, 2021
Subjects:
Online Access:Acceso restringido

MARC

LEADER 00000nam a22000007a 4500
005 20220516230627.0
007 cr|||| ||||
008 220516s2021 es |||||s|||| 00||0 spa d
020 |a 978-84-123671-7-1 
035 |a 35643 
040 |a vLex 
090 |c 13347  |d 13347 
100 1 |a Mata y MartÍn, Ricardo M. 
245 1 0 |a Salud mental y privacin̤ de libertad  |h [Recurso electrn̤ico] :  |b Aspectos jurd̕icos e intervencin̤ /  |c Ricardo M. Mata y Martn̕, Toms̀ Montero Hernanz 
256 |a Servicio en ln̕ea 
260 |a Barcelona:  |b J.M. Bosch Editor,  |c 2021 
300 |a 1 recurso electrn̤ico 
500 |a La presente obra pretende ser un acercamiento al problema de la salud mental en los centros penitenciarios. Es esta una cuestin̤ muy compleja, a la que debe prestarse la atencin̤ que merece. Muchas de las personas que ingresan en prisin̤ sufren patologa̕s de carc̀ter psq̕uico o mental que, con frecuencia, no han sido detectadas o diagnosticadas antes de su ingreso. La Subdireccin̤ General de Sanidad Penitenciaria deca̕ en su memoria de 2018 que en torno a un tercio de los internos haba̕n sido diagnosticados de uno o varios trastornos mentales, destacando los trastornos de ansiedad, los trastornos del estado de ǹimo y los trastornos psict̤icos. Durante ese aǫ se produjeron 19.679 ingresos en las camas de enfermera̕ de los centros penitenciarios, de los cuales 8.423 fueron motivados por patologa̕ psiquit̀rica (42,8%). Como es obvio, los internos que presentan patologa̕s de salud mental requieren de una atencin̤ especializada, aunque son muchas las dificultades para llevarla a cabo en las debidas condiciones en los centros penitenciarios. 
506 1 |a Disponible solo en los productos indicados  |d vLex Global  |d vLex Global (Academic Edition, excluding Law Schools)  |d vLex Global (U.S. Academic Edition, Law Schools)  |d vLex Global (U.S. Academic Edition, excluding Law Schools)  |d vLex Global (Academic Edition, Law Schools) 
650 0 4 |a Derecho Penal  |z Espaą 
650 0 4 |a Procedimiento Penal  |z Espaą 
700 1 |a Montero Hernanz, Toms̀ 
740 0 |a vLex Libros (Servicio en ln̕ea) 
856 4 0 |u https://app.vlex.com/#/sources/35643  |z Acceso restringido 
942 |c BOOK 
999 0 |a Criminal Law 
999 0 |a Criminal Procedure